000 00769nam a2200217 i 4500
001 6387
003 ES-MaACL
005 20230906144917.0
008 891009s1989 sp ||||1| spa d
020 _a84-206-2584-1
080 _a32:92 Tocqueville, Alexis de
100 1 _aDíez del Corral, Luis.
_944718
245 1 3 _aEl pensamiento político de Tocqueville :
_bformación intelectual y ambiente histórico /
_cLuis Díez del Corral.
260 _aMadrid :
_bAlianza Editorial,
_c[1989]
300 _a402 p. ;
_c20 cm.
490 1 _aAlianza universidad. Historia ;
_v584
600 1 4 _aTocqueville, Alexis de-
_xPensamiento político.
_9172010
830 1 _aAlianza universidad. Historia ;
_v584
_9177525
852 _aES-MaACL
_jL-13532
999 _c6387
_d6387